Otto Wagner 1841-1918: the expanding city, the beginning of modern architecture (Record no. 411771)

000 -LEADER
fixed length control field 00460cam a22001457a 4500
008 - FIXED-LENGTH DATA ELEMENTS--GENERAL INFORMATION
fixed length control field 180718b1970 xxu||||| |||| 00| 0 eng d
020 ## - INTERNATIONAL STANDARD BOOK NUMBER
International Standard Book Number 269 67118 8
082 ## - DEWEY DECIMAL CLASSIFICATION NUMBER
Classification number X1 G314
100 ## - MAIN ENTRY--PERSONAL NAME
Personal name Geretsegger, Heinz
245 ## - TITLE STATEMENT
Title Otto Wagner 1841-1918: the expanding city, the beginning of modern architecture
Statement of responsibility, etc. by Heina Gertsegger and Max Peinter
260 ## - PUBLICATION, DISTRIBUTION, ETC.
Place of publication, distribution, etc. London
Name of publisher, distributor, etc. Pall Mall
Date of publication, distribution, etc. 1970
300 ## - PHYSICAL DESCRIPTION
Extent 276p
650 ## - SUBJECT ADDED ENTRY--TOPICAL TERM
Topical term or geographic name entry element Wagner, Otto, 1841-1918.
700 ## - ADDED ENTRY--PERSONAL NAME
Personal name Peinter, Max
Holdings
Withdrawn status Lost status Damaged status Not for loan Permanent Location Current Location Date acquired Full call number Barcode Date last seen Price effective from Koha item type
        Indian Institute of Public Administration Indian Institute of Public Administration 2009-02-02 X1 G314 DA1830 2018-07-21 2018-07-21 DA

Powered by Koha